LEADER 01084nam--2200361---450- 001 990002916870203316 005 20070504145543.0 035 $a000291687 035 $aUSA01000291687 035 $a(ALEPH)000291687USA01 035 $a000291687 100 $a20070504d1968----km-y0itay50------ba 101 $aita 102 $aIT 105 $aa---||||001yy 200 1 $aBenevento cerniera di sviluppo interregionale$euna politica urbanistica per il Sannio$fa cura di Francesco Romano$ghanno collaborato: Roberto Guiducci...[et al.] 210 $a[Napoli]$cFilo rosso$d[1968] 215 $a245 p.$cill.$d23 cm 410 0$12001 454 1$12001 461 1$1001-------$12001 607 0 $aBenevento$xUrbanistica 676 $a711 702 1$aROMANO,$bFrancesco 702 1$aGUIDUCCI,$bRoberto 801 0$aIT$bsalbc$gISBD 912 $a990002916870203316 951 $aC III d 1$b1506 DLM$cC III 959 $aBK 969 $aDILAM 979 $aDILAM$b90$c20070504$lUSA01$h1455 996 $aBenevento cerniera di sviluppo interregionale$9838649 997 $aUNISA LEADER 01242nam--2200385---450- 001 990002823920203316 005 20061006133558.0 010 $a1-55860-353-0 035 $a000282392 035 $aUSA01000282392 035 $a(ALEPH)000282392USA01 035 $a000282392 100 $a20061006d2003----km-y0itay50------ba 101 $aeng 102 $aNL 105 $aa---||||001yy 200 1 $aUnderstanding virtual reality$einterface, application, and design$fWilliam R. Sherman, Alan B. Craig 210 $aAmsterdam [etc.]$cMorgan Kaufmann Publishers$dc2003 215 $aXXIV, 582 p.$cill.$d24 cm. 225 2 $a<> Morgan Kaufmann series in computer graphics and geometric modeling 410 0$12001$a<> Morgan Kaufmann series in computer graphics and geometric modeling 454 1$12001 461 1$1001-------$12001 606 0 $aIntelligenza artificiale 676 $a004.019 700 1$aSHERMAN,$bWilliam R.$0242639 701 1$aCRAIG,$bAlan B.$066277 801 0$aIT$bsalbc$gISBD 912 $a990002823920203316 951 $aD/191$b2357$cD 959 $aBK 969 $aDIMEC 979 $aDIMEC$b90$c20061006$lUSA01$h1335 996 $aUnderstanding virtual reality$9994398 997 $aUNISA